| 000 | 01093nam a22001697a 4500 | ||
|---|---|---|---|
| 008 | 100627s1974 ts|||||r|||| 100 0 ara d | ||
| 082 |
_222 _a327.0956 _bس ي ا |
||
| 110 |
_915287 _aوزارة الخارجية.الامارات العربية المتحدة |
||
| 245 |
_aدراسات في السياسة والتاريخ : _bمجموعة من المحاضرات التي ألقيت في الندوة الدبلوماسية التي نظمتها وزارة خارجية دولة الامارات العربية المتحدة في أبو ظبي لعام 1973/1974 |
||
| 260 |
_aأبو ظبي : _bالوزارة، _c[1974?] |
||
| 300 |
_a264 ص ؛ _c24 سم |
||
| 541 |
_aجمعية الرعاية المتكاملة ؛ _cإهداء ؛ |
||
| 651 |
_913700 _aالعالم العربي _xالأحوال السياسية |
||
| 651 |
_915286 _aالعالم العربي _xعلاقات خارجية |
||
| 942 |
_2ddc _cBB |
||
| 999 |
_c14233 _d14233 |
||